Safeguarding Babies and Young Children / A Guide for Early Years Professionals (Record no. 6064)
[ view plain ]
| 000 -LEADER | |
|---|---|
| fixed length control field | 01703cam a22002174a 4500 |
| 005 - ΗΜΕΡΟΜΗΝΙΑ ΚΑΙ ΩΡΑ ΤΕΛΕΥΤΑΙΑΣ ΕΝΗΜΕΡΩΣΗΣ | |
| Πεδίο ελέγχου | 20250605164232.0 |
| 008 - FIXED-LENGTH DATA ELEMENTS--GENERAL INFORMATION | |
| Πεδίο ελέγχου σταθερού μήκους | 250528s ||||||||||||||||||||||||d |
| 035 ## - SYSTEM CONTROL NUMBER | |
| System control number | 20987 |
| 020 ## - ISBN | |
| ISBN | 9780335234080 |
| 040 ## - ΠΗΓΗ ΚΑΤΑΛΟΓΟΓΡΑΦΗΣΗΣ | |
| Φορέας πρωτότυπης καταλογογράφησης | MC Athens Campus Library |
| Γλώσσα καταλογογράφησης | Ελληνικά, Μοντέρνα (1453-) |
| Modifying agency | MC Athens Campus Library |
| Κανόνες περιγραφικής καταλογογράφησης | AACR2 |
| 245 1# - ΤΙΤΛΟΣ ΚΑΙ ΔΗΛΩΣΗ ΥΠΕΥΘΥΝΟΤΗΤΑΣ | |
| Τίτλος | Safeguarding Babies and Young Children / A Guide for Early Years Professionals |
| 250 ## - EDITION STATEMENT | |
| Edition statement | 1st |
| 260 ## - PUBLICATION, DISTRIBUTION, ETC. | |
| Name of publisher, distributor, etc. | Open University Press, |
| Date of publication, distribution, etc. | 2012 |
| 300 ## - PHYSICAL DESCRIPTION | |
| Extent | 216 |
| 520 ## - SUMMARY, ETC. | |
| Summary, etc. | This book focuses on the relationship that early years professionals have with babies, young children and their families and careers. Principles of Practice: Overview of Issues and Considerations for Early Years Professionals in Safeguarding Babies and Young Children, Issues in Safeguarding Babies and Young Children from Abuse, The Rights of Children, The Baby and Young Child as the Focus for Safeguarding, Acting Ethically: Developing Ethical Practices in Safeguarding Contexts, The Development of Community Involvement, Practical Considerations: Exploring the Actions and Roles of Early Years Professionals in Safeguarding Babies and Young Children, Raising Concerns and Identifying Abuse, Providing Support for ''at Risk'' Babies and Young Children, Assessment and Referral: Passing on Concerns, Teamwork and safeguarding, Working with the Parents and Careers of an Abused Baby or Young Child, What Happened after the Case has been Referred: Mapping the Potential Impact of Intervention, Conclusion: Reflections on Considerations for Developing Future Practice and Detailed Requirements of Effective Intervention, Index. |
| 700 1# - ΠΡΟΣΘΕΤΗ ΑΝΑΓΡΑΦΗ--ΦΥΣΙΚΟ ΠΡΟΣΩΠΟ | |
| Personal name | Powell John |
| 9 (RLIN) | 6997 |
| 700 1# - ΠΡΟΣΘΕΤΗ ΑΝΑΓΡΑΦΗ--ΦΥΣΙΚΟ ΠΡΟΣΩΠΟ | |
| Personal name | Uppal Elaine Louise |
| 9 (RLIN) | 6998 |
| 942 ## - ADDED ENTRY ELEMENTS (KOHA) | |
| Koha item type | Books |
| Τύπος τεκμηρίου | Βιβλιοθήκη | Τρέχουσα τοποθεσία | Barcode | Αριθμός εισαγωγής | Ημερομηνία απόκτησης | Ταξιθετικό σύμβολο | Αριθμός αντιτύπου | Κατάσταση απόσυρσης | Κατάσταση χαμένου | Κατάσταση κατεστραμμένου | Μη δανεισμός | Σύνολο δανεισμών | Σύνολο ανανεώσεων | Ημερομηνία τελευταίας εμφάνισης | Χρονολογία τελευταίου δανεισμού | Η τιμή ισχύει από |
|---|---|---|---|---|---|---|---|---|---|---|---|---|---|---|---|---|
| Books | MC Athens Campus Library | MC Athens Campus Library | 9780000060631 | 6749 | 05/06/2025 | 362.70941 POW | 1 | 2 | 4 | 24/11/2025 | 29/10/2025 | 05/06/2025 |